Acteurs américains - Statistiques

Statistiques générales
  • Ce quiz a été pris 268 fois
  • Le résultat moyen est 6 sur 15
Statistiques - réponses
Par images Réponse % Correct
Marlon Brando
90%
John Wayne
63%
Kirk Douglas
59%
Steve McQueen
57%
Paul Newman
52%
Charles Bronson
48%
Humphrey Bogart
44%
James Stewart
44%
Henry Fonda
42%
Burt Lancaster
33%
Anthony Quinn
24%
Charlton Heston
24%
Ernest Borgnine
17%
Lee Marvin
17%
Karl Malden
13%
Aucun quiz correspondant
Distribution des résultats
% des personnes avec chaque résultat
Percentile par nombre de réponses
Votre historique - résultats
Vous n’avez pas pris ce quiz